Statistics for South American Capitals in 15 Seconds

Click here to take the quiz!

General Stats

  • This quiz has been taken 22 times
  • The average score is 7 of 12

Answer Stats

CountryCapital% Correct
BrazilBrasilia
85%
EcuadorQuito
85%
ColombiaBogota
77%
BoliviaLa Paz or Sucre
69%
PeruLima
69%
ArgentinaBuenos Aires
62%
ChileSantiago
62%
VenezuelaCaracas
54%
UruguayMontevideo
38%
ParaguayAsuncion
31%
GuyanaGeorgetown
15%
SurinameParamaribo
8%

Score Distribution

Percentile by Number Answered

Percent of People with Each Score

Your Score History

You have not taken this quiz